000 00662cam a22002293a 4500
001 20543
003 PGUSA
005 20140828083434.0
008 070208s2007||||xxu|||||s|||||000 | eng d
040 _aPGUSA
_beng
042 _adc
050 4 _aPR
100 1 _aBlyth, James,
_d1864-1933
245 1 0 _aEdward FitzGerald and "Posh" :
_b"Herring Merchants"
_h[electronic resource] /
_cJames Blyth
260 _bProject Gutenberg,
_c2007
506 _aPublic domain in the USA.
516 _aElectronic text
653 _aFitzGerald, Edward, 1809-1883
830 0 _aProject Gutenberg
_v20543
856 4 0 _uhttp://www.gutenberg.org/ebooks/20543
942 _cEB
999 _c249798
_d249798